| 000 | 00451nam a22001577a 4500 | ||
|---|---|---|---|
| 020 | _a9781260462975 | ||
| 082 |
_a611.018 _bMES |
||
| 100 |
_aMescher, Anthony L. _9113569 |
||
| 245 |
_aJunqueira's Basic Histology : _bText and Atlas / _cAnthony L. Mescher |
||
| 250 | _a16th Edition. | ||
| 260 |
_aNew York : _bMcGraw-Hill Education. _c2021. |
||
| 300 |
_a562 p. ; _bill, _c27 cm. |
||
| 563 | _aPBK. | ||
| 650 |
_aHistology _9113274 |
||
| 942 |
_2ddc _cBK |
||
| 999 |
_c595236 _d595236 |
||